El buque / (Registro nro. 4113)
[ vista simple ]
| 000 -LEADER | |
|---|---|
| fixed length control field | 01317nam a2200289Ia 4500 |
| 003 - CONTROL NUMBER IDENTIFIER | |
| control field | OSt |
| 005 - DATE AND TIME OF LATEST TRANSACTION | |
| control field | 20200330152444.0 |
| 008 - FIXED-LENGTH DATA ELEMENTS--GENERAL INFORMATION | |
| fixed length control field | 191128s2003 ck a ar 000 j spa d |
| 020 ## - INTERNATIONAL STANDARD BOOK NUMBER | |
| International Standard Book Number | 9580481091 |
| 040 ## - CATALOGING SOURCE | |
| Original cataloging agency | CO-JMCR |
| Transcribing agency | CO-JMCR |
| 041 0# - LANGUAGE CODE | |
| Language code of text/sound track or separate title | spa |
| 082 04 - DEWEY DECIMAL CLASSIFICATION NUMBER | |
| Classification number | C / |
| Item number | RAMb |
| 100 1# - MAIN ENTRY--PERSONAL NAME | |
| Personal name | Ramos Rodríguez de la Rubia, Pilar, |
| Relator term | autora |
| 9 (RLIN) | 1365 |
| 245 13 - TITLE STATEMENT | |
| Title | El buque / |
| Statement of responsibility, etc. | Pilar Ramos ; Horacio Elena |
| 250 ## - EDITION STATEMENT | |
| Edition statement | Primera edición |
| 260 ## - PUBLICATION, DISTRIBUTION, ETC. | |
| Place of publication, distribution, etc. | Bogotá : |
| Name of publisher, distributor, etc. | Parramón, |
| Date of publication, distribution, etc. | 2003 |
| 300 ## - PHYSICAL DESCRIPTION | |
| Extent | [32] páginas : |
| Other physical details | ilustraciones a color ; |
| Dimensions | 26 cm. |
| 490 0# - SERIES STATEMENT | |
| Series statement | Primeras lectura |
| 520 ## - SUMMARY, ETC. | |
| Summary, etc. | La llegada de una casa enorme en la casa de Rodrigo y Claudia es sólo el principio de una tarde llena de juegos y reflexiones. Se trata del embalaje de la nueva cama de claudia, que se convertirá en un buque improvisado que hará las delicias de los dos hermanos. Además, aprenderán lo importante que es el reciclaje de objetos, materiales y desperdicios para conseguir que la tierra se mantenga limpia y sana. |
| 521 ## - TARGET AUDIENCE NOTE | |
| Target audience note | A partir de 4 años |
| Source | Tapa posterior |
| 650 14 - SUBJECT ADDED ENTRY--TOPICAL TERM | |
| Topical term or geographic name entry element | Literatura infantil |
| 9 (RLIN) | 648 |
| 650 14 - SUBJECT ADDED ENTRY--TOPICAL TERM | |
| Topical term or geographic name entry element | Cuentos infantiles |
| 9 (RLIN) | 1366 |
| 650 14 - SUBJECT ADDED ENTRY--TOPICAL TERM | |
| Topical term or geographic name entry element | Juegos y reflexiones en la literatura |
| 9 (RLIN) | 1367 |
| 650 14 - SUBJECT ADDED ENTRY--TOPICAL TERM | |
| Topical term or geographic name entry element | Reciclaje |
| General subdivision | cuentos infantiles |
| 9 (RLIN) | 1368 |
| 700 1# - ADDED ENTRY--PERSONAL NAME | |
| Personal name | Elena, Horacio, |
| Relator term | Ilustrador |
| 9 (RLIN) | 1369 |
| 942 ## - ADDED ENTRY ELEMENTS (KOHA) | |
| Source of classification or shelving scheme | Dewey Decimal Classification |
| Koha item type | Books |
| Withdrawn status | Lost status | Source of classification or shelving scheme | Damaged status | Not for loan | Collection code | Home library | Current library | Date acquired | Source of acquisition | Cost, normal purchase price | Total Checkouts | Full call number | Barcode | Date last seen | Date last checked out | Copy number | Price effective from | Koha item type |
|---|---|---|---|---|---|---|---|---|---|---|---|---|---|---|---|---|---|---|
| Dewey Decimal Classification | Fiction | Biblioteca Pública José María del Castillo y Rada | Biblioteca Pública José María del Castillo y Rada | 08/21/2018 | Donación | 0.00 | 5 | C / RAMb | 201808918 | 10/10/2025 | 10/10/2025 | Ej.1 | 11/28/2019 | Books |